Normal view
MARC view
- Lion
Entry Topical Term
001 - CONTROL NUMBER
- control field: 26691
003 - CONTROL NUMBER IDENTIFIER
- control field: NUST
005 - DATE AND TIME OF LATEST TRANSACTION
- control field: 20191210141153.0
008 - FIXED-LENGTH DATA ELEMENTS
- fixed length control field: 191210|| aca||aabn | a|a d
040 ## - CATALOGING SOURCE
- Original cataloging agency: NUST
- Transcribing agency: NUST
150 ## - HEADING--TOPICAL TERM
- Topical term or geographic name entry element: Lion
670 ## - SOURCE DATA FOUND
- Source citation: Work cat.: (NUST)0: Adamson, Joy. 26689, Born free, a lioness of two worlds., [1960]
